| 000 | 00795nam a2200205 a 4500 | ||
|---|---|---|---|
| 001 | 000355440 | ||
| 003 | AM-YeHGA | ||
| 005 | 20250618072223.0 | ||
| 008 | 040728s1980 ai 000 | rus d | ||
| 040 | _aAM-YeHGA | ||
| 041 | 0 | _arus | |
| 100 | 1 |
_aՄխիթարյան, Արտաշես Գաբրիելի, _d1918-1986 _92715 |
|
| 245 | 1 | 0 |
_aАрмянская литература в Грузии : _bАрм. лит. жизнь в Грузии в 1920-1930 годы / _cА. Мхитарян. |
| 260 |
_aЕреван : _bСоветакан грох, _c1980. |
||
| 300 |
_a144 c. ; _c16 см. |
||
| 504 | _aБиблиогр.: с. 124-142. | ||
| 650 | 1 | 4 | _aЛитературоведение |
| 650 | 1 | 4 |
_aАрмянская литература _d1920 - 1930 годы _zГрузия |
| 090 | _c137613 | ||
| 999 |
_c136242 _d136242 |
||